[Event "80. Bayerische Schach-Einzelmeisterschaft"]
[Site "Immenstadt"]
[Date "2009.08.30"]
[Time "09:30"]
[Round "9"]
[Board "1"]
[White "Meister,Peter"]
[WhiteTitle "IM"]
[WhiteTeam "FC Bayern München"]
[WhiteElo "2396"]
[Black "Lentrodt, Thomas"]
[BlackTitle "FM"]
[BlackTeam "FC Bayern München"]
[BlackElo "2304"]
[Result "1-0"]
[WhiteType "human"]
[BlackType "human"]

1. d4 Nf6 2. c4 e6 3. Nf3 Bb4+ 4. Nbd2 b6 5. a3 Bxd2+ 6. Bxd2 Bb7 7. Bg5 h6 8. Bh4 d6 9. e3 Nbd7 10. Bd3 Qe7 11. O-O g5 12. Bg3 Ne4 13. Bxe4 Bxe4 14. c5 bxc5 15. dxc5 Nxc5 16. Rc1 Bd3 17. b4 Bxf1 18. bxc5 e5 19. Qxf1 O-O 20. e4 Qe6 21. Nd2 d5 22. exd5 Qxd5 23. Nc4 f6 24. Ne3 Qe6 25. f3 Rad8 26. Qe2 Rd4 27. Qc2 f5 28. Nc4 e4 29. Bxc7 exf3 30. gxf3 Qd5 31. Ne5 Re8 32. Qxf5 Rd1+ 33. Kg2 Qd2+ 34. Kh3

[Event "80. Bayerische Schach-Einzelmeisterschaft"]
[Site "Immenstadt"]
[Date "2009.08.30"]
[Time "09:30"]
[Round "9"]
[Board "2"]
[White "Reich, Thomas"]
[WhiteTitle "IM"]
[WhiteTeam "FC Bayern München"]
[WhiteElo "2368"]
[Black "Deglmann, Ludwig"]
[BlackTitle "FM"]
[BlackTeam "FC Bayern München"]
[BlackElo "2329"]
[Result "1-0"]
[WhiteType "human"]
[BlackType "human"]

1. Nf3 g6 2. e4 Bg7 3. d4 d6 4. Nc3 a6 5. a4 b6 6. Bc4 e6 7. O-O Ne7 8. Ne2 Bb7 9. Ng3 h6 10. c3 Nd7 11. Qe2 O-O 12. Bb3 Nf6 13. h3 Qd7 14. Nh2 Qc6 15. f3 b5 16. Be3 e5 17. dxe5 dxe5 18. Ng4 Nxg4 19. hxg4 Rab8 20. axb5 axb5 21. Kf2 Bc8 22. Rh1 g5 23. Nf5 Bxf5 24. gxf5 Ra8 25. g4 Rxa1 26. Rxa1 Bf6 27. Kg3 Kg7 28. Qd3 Rd8 29. Qe2 Rh8 30. Ra5 Rb8 31. Qd3 Nc8 32. Bd5 Qe8 33. b4 Be7 34. Ra6 Nb6 35. Bc5 Bf6 36. Bb3 Rd8 37. Qe2 Qd7 38. Bxb6 cxb6 39. Bd5 Rc8 40. Rxb6 Qa7 41. Rb7 Qg1+ 42. Qg2 Qe3 43. Rxf7+ Kh8 44. Qf2 Qf4+ 45. Kg2 h5 46. Rxf6 hxg4 47. Rh6+ Kg7 48. Qa7+ Kxh6 49. Qb6+ Kh5 50. Qg6+ Kh4 51. Qh6#

[Event "80. Bayerische Schach-Einzelmeisterschaft"]
[Site "Immenstadt"]
[Date "2009.08.30"]
[Time "09:30"]
[Round "9"]
[Board "3"]
[White "Salvermoser, Bernd"]
[WhiteTitle "FM"]
[WhiteTeam "SF Starnberger See"]
[WhiteElo "2314"]
[Black "Köpke, Christian"]
[BlackTitle "FM"]
[BlackTeam "SC Tarrasch 45 München"]
[BlackElo "2374"]
[Result "0-1"]
[WhiteType "human"]
[BlackType "human"]

1. d4 Nf6 2. c4 g6 3. Nc3 Bg7 4. e4 d6 5. Be2 O-O 6. Bg5 Na6 7. h4 e5 8. d5 h6 9. Be3 Nc5 10. Qc2 c6 11. h5 cxd5 12. cxd5 Qa5 13. f3 Nxh5 14. a3 Qd8 15. b4 Na6 16. Nb5 f5 17. Nxa7 Ng3 18. Rh2 Qf6 19. Bxa6 bxa6 20. Ne2 Nxe2 21. Qxe2 fxe4 22. fxe4 Bg4 23. Qxa6 Rxa7 24. Bxa7 Qf4 25. Bg1 Qxe4+ 26. Kd2 Qxd5+ 27. Qd3 Qxd3+ 28. Kxd3 e4+ 29. Kxe4 Bxa1 30. Kd5 Ra8 31. Rxh6 Bh5 32. g4 Bg7 33. Rxh5 gxh5 34. gxh5 Rxa3 35. b5 Rb3 36. b6 Be5 37. Kc6 Bf4 38. Bd4 Kh7 39. Bf6 d5 40. Bd4 Kh6 41. Kxd5 Kxh5

[Event "80. Bayerische Schach-Einzelmeisterschaft"]
[Site "Immenstadt"]
[Date "2009.08.30"]
[Time "09:30"]
[Round "9"]
[Board "4"]
[White "Levushkina, Elena"]
[WhiteTitle "WGM"]
[WhiteTeam "SC Tarrasch 45 München"]
[WhiteElo "2239"]
[Black "Safyanowsky, Mark"]
[BlackTitle "IM"]
[BlackTeam "SC Dillingen"]
[BlackElo "2302"]
[Result "1/2-1/2"]
[WhiteType "human"]
[BlackType "human"]

1. e4 c5 2. c3 Nf6 3. e5 Nd5 4. Nf3 Nc6 5. Bc4 Nb6 6. Bb3 d5 7. exd6 Qxd6 8. Na3 Be6 9. O-O Bxb3 10. axb3 e6 11. d4 cxd4 12. Nb5 Qd7 13. Nbxd4 Nxd4 14. Qxd4 Qxd4 15. Nxd4 a6 16. Bf4 Bc5 17. Rfd1 O-O 18. Nf3 Nd5 19. Bg3 Rfd8 20. Kf1 Rac8 21. Rd2 Nf6 22. Rad1 Be7 23. Ke2 Rxd2+ 24. Rxd2 Rd8 25. Rxd8+ Bxd8 26. Kd3 Nd7 27. b4 f6 28. Nd4 Kf7 29. f3 g6 30. c4 e5 31. Nb3 Ke6 32. Bf2 Bc7 33. h3 h5 34. Nd2 f5 35. Nb1 Bd8 36. Nc3 Kd6 37. b3 Bg5 38. b5 Nc5+ 39. Bxc5+ Kxc5 40. bxa6 bxa6 41. Nd5 a5 42. Nc3 Kb4 43. Kc2 Kc5 44. Kd3

[Event "80. Bayerische Schach-Einzelmeisterschaft"]
[Site "Immenstadt"]
[Date "2009.08.30"]
[Time "09:30"]
[Round "9"]
[Board "5"]
[White "Kuhn, Tobias"]
[WhiteTitle ""]
[WhiteTeam "SK 1982 Klingenberg/Main"]
[WhiteElo "2218"]
[Black "Fedorovsky, Michael"]
[BlackTitle "IM"]
[BlackTeam "SC Tarrasch 45 München"]
[BlackElo "2446"]
[Result "0-1"]
[WhiteType "human"]
[BlackType "human"]

1. e4 c5 2. Nf3 Nc6 3. d4 cxd4 4. Nxd4 Nf6 5. Nc3 e5 6. Ndb5 d6 7. Bg5 a6 8. Na3 b5 9. Bxf6 gxf6 10. Nd5 Bg7 11. c3 f5 12. exf5 Bxf5 13. Nc2 Be6 14. Nce3 Ne7 15. Nxe7 Qxe7 16. Qf3 O-O 17. Nf5 Bxf5 18. Qxf5 e4 19. Be2 b4 20. O-O bxc3 21. bxc3 Rac8 22. Bxa6 Rc5 23. Qg4 f5 24. Qd1 d5 25. Qb3 Kh8 26. a4 Bxc3 27. Rac1 d4 28. Rb1 d3 29. Qa3 Rc7 30. Qxe7 Rxe7 31. Rb6 Kg7 32. Rc6 Rf6 33. Rxc3 Rxa6 34. Rc5 Kf6 35. Ra1 Re5 36. Rc7 Rea5 37. Rxh7 Kg6 38. Rd7 Rxa4 39. Rxa4 Rxa4 40. Rd6+ Kf7 41. g3 Ke7 42. Rd5 Ke6 43. Rd8 Ke5 44. Kf1 Ra1+ 45. Kg2 Ra2 46. Kg1 Rc2 47. Rd7 Rc4 48. Kf1 f4 49. gxf4+ Kxf4 50. Rd8 Rc1+ 51. Kg2 Rc6 52. Kf1 Rh6 53. Kg2 Rc6 54. Kf1 Rh6 55. Kg2 Ke5 56. f3 Kf4 57. fxe4 Ke3 58. e5 d2 59. Kg3 Rg6+ 60. Kh4 Ke2 61. Kh5 Re6 62. Rd5 d1=Q 63. Rxd1 Kxd1 64. h4 Ke2 65. Kg5 Rxe5+ 66. Kg6 Kf3 67. h5 Kg4 68. h6 Re6+ 69. Kg7 Kg5 70. h7 Re7+ 71. Kg8 Kg6 72. h8=N+ Kf6 73. Kf8 Ra7 74. Kg8 Rb7

[Event "80. Bayerische Schach-Einzelmeisterschaft"]
[Site "Immenstadt"]
[Date "2009.08.30"]
[Time "09:30"]
[Round "9"]
[Board "6"]
[White "Walter, Thomas"]
[WhiteTitle ""]
[WhiteTeam "SC Erlangen 48/88"]
[WhiteElo "2121"]
[Black "Grimberg, Boris"]
[BlackTitle "FM"]
[BlackTeam "SAbt TSV Haunstetten"]
[BlackElo "2390"]
[Result "1/2-1/2"]
[WhiteType "human"]
[BlackType "human"]

1. e4 c5 2. Nf3 d6 3. Bb5+ Nd7 4. O-O Nf6 5. Qe2 e5 6. c3= Be7 7. Rd1 O-O 8. d4 Qc7 9. dxe5 dxe5 10. Bg5 Nb6 11. Na3 a6 12. Bc4 Nbd7 13. Bd5 Nxd5 14. exd5 f6 15. Bh4 b5 16. b3 Bd6 17. Bg3 c4 18. Nb1 cxb3 19. axb3 h6 20. Nh4 f5 21. f4 exf4 22. Qe6+ Rf7 23. Qe8+ Nf8 24. Bf2 Bb7 25. Qe2 g5 26. Nf3 g4 27. Nd4 f3 28. gxf3 Bxh2+ 29. Kg2 Bxd5 30. Nd2 Rg7 31. Qd3 gxf3+ 32. Kh1 Rg5 33. Nxf5 Rd8 34. Nxh6+ Kg7 35. Nf5+ Kf6 36. Nh4 Bb7 37. Ne4+ Bxe4 38. Qxd8+ Qxd8 39. Rxd8 Ne6 40. Kxh2 Nxd8 41. Rxa6+ Ne6 42. Nxf3 Bxf3 43. Bh4 Ke5 44. Rxe6+ Kxe6 45. Bxg5 Bd1

[Event "80. Bayerische Schach-Einzelmeisterschaft"]
[Site "Immenstadt"]
[Date "2009.08.30"]
[Time "09:30"]
[Round "9"]
[Board "7"]
[White "Guthmann, Peter"]
[WhiteTitle ""]
[WhiteTeam "FC Gunzenhausen 1910"]
[WhiteElo "2110"]
[Black "Wagner, Florian"]
[BlackTitle "FM"]
[BlackTeam "SC Noris Tarrasch Nürnberg"]
[BlackElo "2323"]
[Result "1-0"]
[WhiteType "human"]
[BlackType "human"]

1. e4 c5 2. Nf3 Nc6 3. d4 cxd4 4. Nxd4 Nf6 5. Nc3 e5 6. Ndb5 d6 7. Nd5 Nxd5 8. exd5 Nb8 9. Qf3 a6 10. Qa3 Be7 11. Bg5 f6 12. Bd2 O-O 13. Bb4 Qd7 14. Bd3 b6 15. O-O e4 16. Be2 Bb7 17. Nd4 Bxd5 18. Rad1 a5 19. Bd2 Bf7 20. Qg3 f5 21. Bb5 Qc8 22. Bf4 Qc5 23. Rfe1 Kh8 24. Re3 Na6 25. Rc3 Qb4 26. Bxa6 Bf6 27. Bxd6 Qxb2 28. Bxf8 f4 29. Ba3 fxg3 30. Bxb2 gxh2+ 31. Kxh2 Be5+ 32. g3 Bd5 33. Bc4 Rf8 34. Bxd5 Rxf2+ 35. Kg1 Bxd4 36. Rxd4

[Event "80. Bayerische Schach-Einzelmeisterschaft"]
[Site "Immenstadt"]
[Date "2009.08.30"]
[Time "09:30"]
[Round "9"]
[Board "8"]
[White "de Francesco, Klaus"]
[WhiteTitle "FM"]
[WhiteTeam "SK Weilheim"]
[WhiteElo "2296"]
[Black "Lederle, Vitus"]
[BlackTitle ""]
[BlackTeam "SC Dillingen"]
[BlackElo "2168"]
[Result "0-1"]
[WhiteType "human"]
[BlackType "human"]

1. d4 e6 2. c4 b6 3. Nf3 Nf6 4. g3 Ba6 5. b3 b5 6. Nbd2 Bb4 7. Qc2 bxc4 8. bxc4 Bb7 9. Bg2 Be4 10. Qa4 Bc3 11. O-O Bc6 12. Qc2 Bxa1 13. Ba3 Bxd4 14. Nxd4 Bxg2 15. Kxg2 d6 16. f4 c5 17. N4f3 O-O 18. Bb2 h6 19. h3 Nc6 20. g4 Qe7 21. g5 hxg5 22. Nxg5 Nd4 23. Qd3 Qb7+ 24. Kf2 Qxb2 25. Rg1 Nf5

[Event "80. Bayerische Schach-Einzelmeisterschaft"]
[Site "Immenstadt"]
[Date "2009.08.30"]
[Time "09:30"]
[Round "9"]
[Board "9"]
[White "Gießmann, Stephan"]
[WhiteTitle ""]
[WhiteTeam "SK Kelheim 1920"]
[WhiteElo "2231"]
[Black "Schatz, Christian"]
[BlackTitle "CM"]
[BlackTeam "SZ Fürth 2002"]
[BlackElo "2179"]
[Result "1/2-1/2"]
[WhiteType "human"]
[BlackType "human"]

1. d4 Nf6 2. Nf3 g6 3. Bf4 Bg7 4. c3 O-O 5. e3 d6 6. Be2 Nbd7 7. h3 b6 8. O-O Bb7 9. Nbd2 Re8 10. Bc4 h6 11. Qb3 d5 12. Be2 c5 13. Ne5 Nxe5 14. Bxe5 c4 15. Qc2 b5 16. a4 a6 17. axb5 axb5 18. b4 Nd7 19. Bxg7 Kxg7 20. Nf3 Qc7 21. Qb2 Nb6 22. Rxa8 Rxa8 23. Ra1 Qb8 24. Bd1 Bc6 25. Ne5 Be8 26. Ra5 e6 27. Bc2 f6 28. Nf3 Na4 29. Rxa8 Qxa8 30. Qa1 Qb8 31. Qe1 Bc6 32. Nh4 g5 33. Nf3 Qa8 34. Qa1 Be8 35. Nd2 Bg6 36. Bxg6 Kxg6 37. Nf3 Kg7 38. Kf1 Qe8 39. Ne1 Qg6 40. Ke2 h5 41. Qc1 Qf5

[Event "80. Bayerische Schach-Einzelmeisterschaft"]
[Site "Immenstadt"]
[Date "2009.08.30"]
[Time "09:30"]
[Round "9"]
[Board "10"]
[White "Kaunzinger, Albert"]
[WhiteTitle ""]
[WhiteTeam "SC Gröbenzell"]
[WhiteElo "2181"]
[Black "Palmi, Herbert"]
[BlackTitle ""]
[BlackTeam "SC Bayerwald/Regen"]
[BlackElo "2134"]
[Result "1-0"]
[WhiteType "human"]
[BlackType "human"]

1. d4 Nf6 2. Bf4 e6 3. e3 d5 4. Nf3 c6 5. Nbd2 Bd6 6. Ne5 Bc7 7. Bd3 Nbd7 8. c3 Nf8 9. h4 Ng6 10. Bg3 Ne7 11. Qf3 Nf5 12. Bf4 Nd7 13. e4 Nxe5 14. dxe5 Nxh4 15. Qg3 Ng6 16. O-O-O Nxf4 17. Qxf4 d4 18. c4 c5 19. Nf3 Qe7 20. Qg4 Qf8 21. Kb1 Bd7 22. Qh4 Bd8 23. Qf4 Be7 24. Rh2 O-O-O 25. Rdh1 Qg8 26. g4 g5 27. Qd2 Bc6 28. a3 b6 29. Rh5 Qg7 30. Rh6 Rdf8 31. R6h3 h6 32. R1h2 f6 33. exf6 Rxf6 34. Nxg5 Bd6 35. Nf3 Bxh2 36. Nxh2 Rhf8 37. f3 e5 38. Ka2 Rf4 39. Rh5 Be8 40. Rh3 Rh8 41. Nf1 h5 42. Qh2 Rhf8 43. gxh5 Rxf3 44. h6 Qh8 45. Be2 Rxf1 46. Bxf1 Rxf1 47. Qg2 Rf7 48. Qg5 Rd7 49. h7 Bf7 50. Qh6 Bxc4+ 51. b3 d3 52. Qc6+ Kd8 53. Qa8+ Kc7 54. Qxh8 d2 55. Qxe5+ Kb7 56. Rh1

[Event "80. Bayerische Schach-Einzelmeisterschaft"]
[Site "Immenstadt"]
[Date "2009.08.30"]
[Time "09:30"]
[Round "9"]
[Board "11"]
[White "Zehnter, Sebastian"]
[WhiteTitle ""]
[WhiteTeam "SV Würzburg von 1865"]
[WhiteElo "2225"]
[Black "Jussupow, Alexander"]
[BlackTitle ""]
[BlackTeam "SK Krumbach"]
[BlackElo "2071"]
[Result "1-0"]
[WhiteType "human"]
[BlackType "human"]

1. b3 d5 2. Bb2 e6 3. e3 Nf6 4. f4 b6 5. Nf3 Bb7 6. Be2 Be7 7. O-O O-O 8. d3 Nbd7 9. Qe1 Bc5 10. Nd4 Qe7 11. Qg3 a6 12. a3 Bd6 13. Nf3 c5 14. Nbd2 Ne8 15. e4 f6 16. e5 Bc7 17. d4 b5 18. Kh1 Bb6 19. dxc5 Nxc5 20. Bd4 f5 21. b4 Na4 22. Bxb6 Nxb6 23. Nb3 Nc7 24. Nc5 Bc6 25. Nd4 Be8 26. Ndb3 Ra7 27. Qe3 Nc4 28. Qd4 Ra8 29. c3 Kh8 30. Rfc1 Bc6 31. a4 bxa4 32. Nxa4 Bb5 33. Nb6 Rab8 34. Bxc4 dxc4 35. Nxc4 Rfd8 36. Nd6 Ne8 37. Rd1 Kg8 38. Qc5 Qh4 39. Rd4 Nxd6 40. exd6 Rdc8 41. Qe5 Rxc3 42. d7 Qe7 43. Qxb8+

[Event "80. Bayerische Schach-Einzelmeisterschaft"]
[Site "Immenstadt"]
[Date "2009.08.30"]
[Time "09:30"]
[Round "9"]
[Board "12"]
[White "Kues, Manuel"]
[WhiteTitle ""]
[WhiteTeam "TSV Kareth-Lappersdorf"]
[WhiteElo "1991"]
[Black "Liepold, Stefan"]
[BlackTitle ""]
[BlackTeam "SC Erlangen 48/88"]
[BlackElo "2240"]
[Result "0-1"]
[WhiteType "human"]
[BlackType "human"]

1. e4 e6 2. b3 d5 3. Bb2 dxe4 4. Nc3 Nf6 5. Qe2 Be7 6. O-O-O Bd7 7. Nxe4 Nxe4 8. Qxe4 Bc6 9. Qg4 Bf6 10. d4 h5 11. Qg3 Qd6 12. Nf3 Qxg3 13. hxg3 Nd7 14. Ne5 Nxe5 15. dxe5 Be7 16. f4 Rd8 17. g4 Bc5 18. Rxd8+ Kxd8 19. Kd2 h4 20. Ke2 Be4 21. c3 a5 22. Rh3 Ke7 23. g3 Bb1 24. a3 Rd8 25. gxh4 Bc2 26. b4 Bd1+ 27. Ke1 Bxg4 28. bxc5 Rd1+

[Event "80. Bayerische Schach-Einzelmeisterschaft"]
[Site "Immenstadt"]
[Date "2009.08.30"]
[Time "09:30"]
[Round "9"]
[Board "13"]
[White "Müller, Michael"]
[WhiteTitle ""]
[WhiteTeam "SC Bayerwald/Regen"]
[WhiteElo "2133"]
[Black "Sternheimer, Erhard"]
[BlackTitle ""]
[BlackTeam "SC Bad Königshofen 1957"]
[BlackElo "2206"]
[Result "0-1"]
[WhiteType "human"]
[BlackType "human"]

1. g3 e5 2. Bg2 d6 3. c4 Be7 4. Nc3 Nf6 5. Nf3 O-O 6. O-O Nbd7 7. d4 a5 8. Qc2 c6 9. Rd1 Qc7 10. b3 Re8 11. Bb2 Bf8 12. e3 g6 13. Rd2 Nh5 14. Rad1 f5 15. dxe5 dxe5 16. Na4 e4 17. c5 b5 18. cxb6 Nxb6 19. Nxb6 Qxb6 20. Ng5 Ba6 21. Rd7 Re7 22. b4 Rxd7 23. Qb3+ Rd5 24. Rxd5 a4 25. Qxa4 Qxb4 26. Qxb4 Bxb4 27. Rd7 Bf8 28. Nxh7 Rb8 29. Bd4 Rb1+ 30. Bf1 Bxf1 31. f4 exf3 32. Kf2 Bh3 33. Kxf3 f4 34. Rd8 Rf1+ 35. Ke4 fxg3 36. Nxf8 Rxf8 37. Rxf8+ Kxf8 38. hxg3 Nxg3+ 39. Ke5 Ke7 40. a4 g5 41. a5 Bc8 42. Bc5+ Kd7 43. Bb6 Ke7 44. Bc5+ Kf7 45. e4 Kg6 46. Bf2 Nh1 47. Be3 Ng3 48. Bf2 Nh5 49. Bg1 Nf6 50. Kd4 c5+ 51. Kxc5 Nxe4+ 52. Kd4 Kf5 53. Ke3 Bb7 54. Bh2 Kg4 55. a6 Ba8 56. a7 Kh3 57. Be5 Kg2 58. Bb8 Bb7 59. Bc7 Nc3 60. Kd3 Nb5 61. Bb8 Bd5 62. Ke3 Ba8 63. Kd3 Bd5 64. Ke3 Kf1 65. Kd3 Kf2 66. Kd2 g4 67. Kd3 g3 68. Bxg3+ Kxg3 69. a8=Q Bxa8 70. Kc4 Nd6+ 71. Kc5 Nf5 72. Kc4 Kf4 73. Kc5 Ke5 74. Kc4 Bd5+ 75. Kc3 Ke4 76. Kd2 Ne3 77. Kc3 Nc4 78. Kc2 Kd4 79. Kb3 Bc6 80. Kc2 Ba4+ 81. Kc1 Kc3 82. Kb1 Bc6 83. Ka2 Kc2 84. Ka1 Be4 85. Ka2 Bf5 86. Ka1 Kc3 87. Ka2 Nd2 88. Ka1 Nb3+ 89. Ka2 Bg6 90. Ka3 Bd3 91. Ka2 Bc2 92. Ka3 Nc5 93. Ka2 Nb3 94. Ka3 Bb1 95. Ka4 Nd4 96. Ka3 Nb5+ 97. Ka4 Kc4 98. Ka5 Kc5 99. Ka4 Bc2+ 100. Ka5 Nd6 101. Ka6 Bd1 102. Ka5 Nb7+ 103. Ka6 Kc6 104. Ka7 Kc7 105. Ka6 Be2+ 106. Ka7 Nd6 107. Ka8 Bf1 108. Ka7 Nc8+ 109. Ka8 Bg2#

[Event "80. Bayerische Schach-Einzelmeisterschaft"]
[Site "Immenstadt"]
[Date "2009.08.30"]
[Time "09:30"]
[Round "9"]
[Board "14"]
[White "Kunze, Holger"]
[WhiteTitle ""]
[WhiteTeam "FC Bayern München"]
[WhiteElo "2194"]
[Black "Lipok, Christoph"]
[BlackTitle ""]
[BlackTeam "Spgem Kötz/Ichenhausen"]
[BlackElo "2182"]
[Result "1/2-1/2"]
[WhiteType "human"]
[BlackType "human"]

1. c4 e5 2. g3 Nf6 3. Bg2 d5 4. cxd5 Nxd5 5. Nf3 Nc6 6. d3 Be7 7. O-O O-O 8. a3 Be6 9. b4 a5 10. b5 Nd4 11. Bb2 Bf6 12. Nbd2 Nxb5 13. Bxe5 Bxe5 14. Nxe5 Ndc3 15. Qe1 Nd4 16. Kh1 Ndxe2 17. Ne4 Nxe4 18. dxe4 Nd4 19. Rd1 f6 20. Nd3 Qe7 21. e5 c6 22. exf6 Qxf6 23. Nc5 Bg4 24. Ne4 Qd8 25. f3 Be6 26. Qf2 Qe7 27. Qxd4 Qxa3 28. Nc5 Bd5 29. Rd3 Qb4 30. Qxb4 axb4 31. Rb1 Ra3 32. Rdd1 b6 33. Nd7 Re8 34. Nxb6 Bxf3 35. Bxf3 Rxf3 36. Kg2 Rf6 37. Rd2 c5 38. Nd7 Rc6 39. Rc2 Rec8 40. Ne5 Rb6 41. Rb3 Re6 42. Nc4 Rd8 43. Kf2 g5 44. Nd2 g4 45. Re3 Rf8+ 46. Ke2 Rh6 47. Rxc5 Rxh2+ 48. Kd1 h5 49. Rb5 Rd8 50. Re2 Rh3 51. Ke1 Rxg3 52. Rxh5 b3 53. Rb5 Kf7 54. Nxb3 Rf3 55. Nd2 Rf4 56. Ree5 Re8 57. Rb7+ Kf8 58. Rxe8+ Kxe8 59. Ke2 Kf8 60. Ke3 Rf7

[Event "80. Bayerische Schach-Einzelmeisterschaft"]
[Site "Immenstadt"]
[Date "2009.08.30"]
[Time "09:30"]
[Round "9"]
[Board "15"]
[White "Lutz, Albert"]
[WhiteTitle ""]
[WhiteTeam "SK Krumbach"]
[WhiteElo "2166"]
[Black "Schindler, Viktor"]
[BlackTitle ""]
[BlackTeam "PTSV SK Hof 1892"]
[BlackElo "2144"]
[Result "0-1"]
[WhiteType "human"]
[BlackType "human"]

1. Nf3 Nf6 2. d4 g6 3. c4 d5 4. Nc3 Bg7 5. g3 O-O 6. cxd5 Nxd5 7. Bg2 Nb6 8. Bf4 Nc6 9. e3 h6 10. h4 Bg4 11. Qb3 Bxf3 12. Bxf3 e5 13. Bxe5 Nxe5 14. dxe5 Bxe5 15. Bxb7 Rb8 16. Bg2 Qd3 17. Bf1 Qf5 18. Be2 Nd7 19. g4 Qf6 20. Nd5 Qd6 21. Qc4 Rxb2 22. Rd1 Nb6 23. Nxb6 Qxb6 24. O-O Rb8 25. Rd5 Qf6 26. Rfd1 Bd6 27. h5 R8b4 28. Rxd6 cxd6 29. Qc8+ Kg7 30. Kf1 gxh5 31. Qc7 Rb1 32. Rxb1 Rxb1+ 33. Kg2 hxg4 34. Qxa7 Rb2 35. Qa6 Qh4 36. Qc4 Qh3+ 37. Kg1 Rb1+ 38. Bf1 Qf3 39. Qc3+ Qf6 40. Qc4 h5 41. a4 Rb2 42. Be2 d5 43. Qd3 Ra2 44. Qb5 h4 45. e4 g3 46. f3 Qd4+

[Event "80. Bayerische Schach-Einzelmeisterschaft"]
[Site "Immenstadt"]
[Date "2009.08.30"]
[Time "09:30"]
[Round "9"]
[Board "16"]
[White "Eibl, Maximilian"]
[WhiteTitle ""]
[WhiteTeam "SK Kelheim 1920"]
[WhiteElo "2132"]
[Black "Urytskyy, Michael"]
[BlackTitle ""]
[BlackTeam "PTSV SK Hof 1892"]
[BlackElo "2098"]
[Result "1-0"]
[WhiteType "human"]
[BlackType "human"]

1. e4 c5 2. Nf3 d6 3. d4 cxd4 4. Nxd4 Nf6 5. Nc3 g6 6. Be3 Bg7 7. f3 O-O 8. Bc4 Nc6 9. Qd2 Bd7 10. h4 Ne5 11. Bb3 Rc8 12. O-O-O Nc4 13. Bxc4 Rxc4 14. h5 Nxh5 15. g4 Nf6 16. Nde2 Qa5 17. Bh6 Rfc8 18. Bxg7 Kxg7 19. Qh6+ Kg8 20. Kb1 Be6 21. Rd5 R4c5 22. g5 Nh5 23. Nf4 Rxd5 24. exd5 Bh3 25. Rxh3 Qb6 26. Nce2 Qc5 27. c3 Qe3 28. Ka1 Qd2 29. Rh1 Qc2 30. Nxh5 gxh5 31. Nf4 Rxc3 32. bxc3 Qxc3+ 33. Kb1 Qb4+ 34. Kc2 Qc4+ 35. Kd1 Qxf4 36. Qxh5 Qf5 37. Ke2 Qc2+ 38. Kf1 Qb1+ 39. Kg2 Qb2+ 40. Kh3 Qxa2 41. Rc1

[Event "80. Bayerische Schach-Einzelmeisterschaft"]
[Site "Immenstadt"]
[Date "2009.08.30"]
[Time "09:30"]
[Round "9"]
[Board "17"]
[White "Dietrich, Reinhard"]
[WhiteTitle ""]
[WhiteTeam "TSV Wacker Neutraubling"]
[WhiteElo "2133"]
[Black "Dr. Hofstetter, Hans-Joachim"]
[BlackTitle "FM"]
[BlackTeam "SK 1933 Bad Neustadt"]
[BlackElo "2213"]
[Result "0-1"]
[WhiteType "human"]
[BlackType "human"]

1. e4 c6 2. d4 d5 3. e5 Bf5 4. Nf3 e6 5. Be2 h6 6. O-O Nd7 7. Be3 g5 8. c4 Ne7 9. Nc3 Bg7 10. cxd5 Nxd5 11. Nd2 O-O 12. Bg4 f6 13. Nxd5 Bxg4 14. Qxg4 f5 15. Qe2 cxd5 16. f4 g4 17. Qb5 Rf7 18. Rfc1 Bf8 19. Rc2 Rc8 20. Rac1 Rxc2 21. Rxc2 Nb8 22. Nb3 a6 23. Qa4 Nc6 24. Bd2 Qa8 25. Nc5 b5 26. Qxa6 Ra7 27. Qb6 Nxd4 28. Nd7 Nxc2 29. Qxe6+ Kh8 30. Qxf5 Nd4 31. Qxg4 Qc8 32. e6 Nxe6 33. Ne5 Bg7 34. Ng6+ Kh7 35. Qf5 Kg8 36. Qxd5 Qc5+

[Event "80. Bayerische Schach-Einzelmeisterschaft"]
[Site "Immenstadt"]
[Date "2009.08.30"]
[Time "09:30"]
[Round "9"]
[Board "18"]
[White "Verlatov, Artjom"]
[WhiteTitle ""]
[WhiteTeam "PTSV SK Hof 1892"]
[WhiteElo "2051"]
[Black "Dr. Hornung, Hans"]
[BlackTitle ""]
[BlackTeam "SK Klosterlechfeld"]
[BlackElo "2152"]
[Result "0-1"]
[WhiteType "human"]
[BlackType "human"]

1. e4 g6 2. d4 Bg7 3. Nc3 d6 4. Be3 a6 5. Qd2 Nd7 6. f4 b5 7. Bd3 c5 8. Nf3 cxd4 9. Nxd4 Bb7 10. O-O Ngf6 11. h3 O-O 12. a3 Qc7 13. Rae1 Rae8 14. Kh1 e5 15. Nf3 Nh5 16. Ne2 d5 17. g4 dxe4 18. Bxe4 Bxe4 19. gxh5 Qb7 20. Kg2 exf4 21. Bxf4 Ne5 22. Nd4 Nc4 23. Qf2 Bxd4 24. Qxd4 Bxf3+ 25. Rxf3 Rxe1 26. Bh6 Ne5